Nuevo periodismo /

¿Qué recursos literarios utilizan los periodistas? Desde Tom Wolfe, Truman Capote, Rodolfo Walsh, Horacio Verbitsky, María Esther Giglio y Oriana Fallaci, hasta los nuevos narradores, como Cristian Alarcón.

Guardado en:
Autor Principal: Busaniche, Gisela
Autor Corporativo: Canal Encuentro.
Formato: Deslizar
Publicado: Argentina, 2010
Series:En el Medio II - Disco 1
Materias:
Etiquetas: Agregar Etiqueta
Sin Etiquetas, Sea el primero en etiquetar este registro!
LEADER 01038ngm a22002775g 4500
001 CEM.cems023485
008 130507s2010##################0###0#####d
005 20250408182925.0
245 1 0 |a Nuevo periodismo /  |c Gisela Busaniche. 
260 |a Argentina,  |c 2010 
300 |a 29'. 
490 0 |a En el Medio II - Disco 1 
520 |a ¿Qué recursos literarios utilizan los periodistas? Desde Tom Wolfe, Truman Capote, Rodolfo Walsh, Horacio Verbitsky, María Esther Giglio y Oriana Fallaci, hasta los nuevos narradores, como Cristian Alarcón. 
538 |a Soporte: DVD - Color: Si - Grabación DRD. 
500 |a Consultar en ventanilla. 
590 |a Identificación anterior registrada en SIABUC: D89B. 
100 1 |a Busaniche, Gisela 
710 2 |a Canal Encuentro. 
082 0 7 |/ BUS-2 
653 |a MEDIOS 
653 |a MEDIOS DE COMUNICACION 
653 |a PERIODISMO 
653 |a PRENSA 
653 |a LITERATURA 
653 |a SERIE DE TELEVISIÓN 
859 |a CEMS  |b BIB. CEMS - Depto. Recursos Didacticos  |h 070  |i BUS-2  |k DRD  |p 2128.15  |t Ej.1